| 000 | 00333nam a22001337a 4500 | ||
|---|---|---|---|
| 008 | 170220b xxu||||| |||| 00| 0 eng d | ||
| 020 | _a9781563637506 | ||
| 041 | _aeng | ||
| 080 |
_231ST _a615 |
||
| 100 | _a5 | ||
| 101 | _aSHT | ||
| 245 |
_aPDR FOR NONPRESCRIPTION DRUGS, DIETARY SUPPLEMENTS, AND HERBS _cFOTSCH, E |
||
| 942 |
_2udc _cBK |
||
| 999 |
_c5840 _d5840 |
||